Thangzakhai / (Record no. 39265)

MARC details
000 -LEADER
fixed length control field 00613nam a22001937a 4500
005 - DATE AND TIME OF LATEST TRANSACTION
control field 20100804143710.0
010 ## - LCCN (DPL NO)
LC control number ENG-98157
020 ## - INTERNATIONAL STANDARD BOOK NUMBER
International Standard Book Number 9788189392048
Terms of availability 499.00
035 ## - SYSTEM CONTROL NUMBER
System control number EN-81690
037 ## - SOURCE OF ACQUISITION
Source of stock number/acquisition DBAD/PUB
082 ## - DEWEY DECIMAL CLASSIFICATION NUMBER
Classification number N
100 ## - MAIN ENTRY--PERSONAL NAME
Personal name Barthakur, Jitendra Kumar
245 ## - TITLE STATEMENT
Title Thangzakhai /
Statement of responsibility, etc by Jitendra Kumar Barthakur
260 ## - PUBLICATION, DISTRIBUTION, ETC. (IMPRINT)
Place of publication, distribution, etc New Delhi
Name of publisher, distributor, etc Kumud Books
Date of publication, distribution, etc 2010
270 ## - ADDRESS
Address C8/8806 Vasant Kunj
City New Delhi
Postal code 110070
300 ## - PHYSICAL DESCRIPTION
Extent 491p.
Dimensions 21cm (Hb)
942 ## - ADDED ENTRY ELEMENTS (KOHA)
Source of classification or shelving scheme Dewey Decimal Classification
Item type English Books
Classification part N
Call number suffix BAR
Holdings
Withdrawn status Lost status Not for loan Collection code Home library Current library Date acquired Source of acquisition Cost, normal purchase price Full call number Barcode Copy number Cost, replacement price Koha item type
    Not For Loan Non-fiction D.B.Act.Division D.B.Act.Division 04/08/2010 DBAD/PUB 499.00 N BAR EN-81690 1 499.00 English Books

© Delhi Public Library
Hit Counter
free hit counter